Statistics for Border To Border #12 - 1 Year Special

Click here to take the quiz!

General Stats

  • This quiz has been taken 59 times
  • The average score is 27 of 30

Answer Stats

Starting Country: Papua New Guinea I.% Correct
Indonesia M.
100%
Malaysia T.
98%
Laos C.
96%
Thailand L.
96%
Afghanistan T.
94%
Cambodia V.
94%
China N.
94%
India P.
94%
Nepal I.
94%
Pakistan A.
94%
Vietnam C.
94%
Azerbaijan G.
90%
Georgia T.
90%
Iran A.
90%
Iraq K.
90%
Kuwait S.
90%
Oman Y.
90%
Saudi Arabia U.
90%
Syria I.
90%
Tajikistan U.
90%
Turkey S.
90%
Turkmenistan I.
90%
United Arab Emirates O.
90%
Uzbekistan T.
90%
Yemen S.
90%
Egypt S.
86%
Israel E.
86%
Jordan I.
86%
Saudi Arabia J.
86%
Sudan
86%

Score Distribution

Percentile by Number Answered

Percent of People with Each Score

Your Score History

You have not taken this quiz